| 000 | 00741nas a2200241 4500 | ||
|---|---|---|---|
| 001 | BR0702831 | ||
| 003 | BR-BrBNA | ||
| 005 | 20231205110828.0 | ||
| 007 | ta | ||
| 008 | 230509b bl.|||p| |||| 00| 00por d | ||
| 040 |
_aBR-BrBNA _bpor _cBiblioteca Nacional de Agricultura |
||
| 041 | _a(Pt) | ||
| 072 | _aE14 | ||
| 100 | 1 | _aPereira, S.R. | |
| 245 | 1 | _aO novo regime de oleaginosas na CEE | |
| 650 | _aDESENVOLVIMENTO AGRÍCOLA | ||
| 650 | _aLEGISLAÇÃO | ||
| 650 | _aGATT | ||
| 773 | 0 |
_tRevista de Política Agrícola (Brazil) _xISSN 1413-4969 _g(Apr 1992), v. 1(2) p. 9-11 _wBR0702831 |
|
| 856 | 4 |
_uRev_Pol_Agr_v1_n2-1992.pdf#page=10 _yRecurso eletrônico (PDF) |
|
| 909 |
_a202311 _bLúcia _c55 _dLúcia Elande |
||
| 942 |
_2AGRIS _n0 _cANA |
||
| 999 |
_c189302 _d189302 |
||